Statistics for International Presidential Trips made by Donald Trump

Click here to take the quiz!

General Stats

  • This quiz has been taken 333 times
  • The average score is 15 of 24

Answer Stats

Answer% Correct
One Visit1Canada
96%
Three VisitsUnited Kingdom
96%
Four VisitsFrance
94%
Two VisitsGermany
91%
One Visit1China
89%
Three VisitsJapan
85%
Two VisitsItaly
83%
Two VisitsSouth Korea
81%
One Visit1India
78%
One VisitNorth Korea
70%
Two VisitsIreland
68%
One VisitIsrael
64%
One VisitSaudi Arabia
63%
One VisitPoland
60%
Two VisitsBelgium
58%
Two VisitsSwitzerland
53%
One Visit1Argentina
48%
One Visit1Iraq
48%
One VisitSingapore
39%
One Visit1Finland
38%
Two VisitsVietnam
35%
One VisitPhilippines
34%
One VisitVatican City
32%
One Visit1Afghanistan
28%

Score Distribution

Percentile by Number Answered

Percent of People with Each Score

Your Score History

You have not taken this quiz